| 000 | 01105nam0a22002771 4500 | ||
|---|---|---|---|
| 001 | rc\4242895 | ||
| 005 | 20250612025114.0 | ||
| 021 |
_aRU _b[57-39243] |
||
| 035 | _a(NLR Aleph) 008471427 | ||
| 090 |
_a7932125 _c7932125 |
||
| 100 | _a20130416d1957 |||y0rusy50 ca | ||
| 101 | 0 | _arus | |
| 102 | _aRU | ||
| 105 | _aa z ||||| | ||
| 200 | 1 | _aАтомная энергия и пути ее практического использования | |
| 210 |
_aМосква _cВоениздат _d1957 |
||
| 215 |
_a280 с., 1 л. табл. _cил. _d17 |
||
| 300 | _aПеред загл. авт.: К.В. Астахов, инж.-полк. проф. | ||
| 320 | _aСписок книг для ознакомления с учением о ядерной энергии и путях ее мирного использования: с. 278-279 (60 назв.) | ||
| 606 |
_aАтомная энергия _2psbo |
||
| 700 | 1 |
_aАстахов _bК.В. _gКонстантин Васильевич |
|
| 801 | 0 |
_aRU _bNLR _gpsbo |
|
| 801 | 1 |
_aRU _bELAR _2rusmarc |
|
| 852 |
_aNLR _j57-2/1497 |
||
| 942 | _cBOOK | ||
| 980 | _aNB | ||